| 000 | 00685nam a2200217 a 4500 | ||
|---|---|---|---|
| 999 |
_c11084 _d11084 |
||
| 001 | 11084 | ||
| 003 | BD-JhCC | ||
| 005 | 20190728175512.0 | ||
| 008 | 190628s2009 bg |||| |||| 000 0 ben d | ||
| 020 | _a9847019300902 | ||
| 035 | _a(BD-JhCC)11084 | ||
| 040 |
_aBD-JhCC _dBD-JhCC |
||
| 041 | _aben | ||
| 082 |
_a891.4435 _bHOS 2009 |
||
| 100 | _aহোসেন, মোকারম | ||
| 245 |
_aভোরের ফুল সন্ধ্যার পাখিরা / _cমোকারম হোসেন |
||
| 260 |
_aঢাকা : _bঐতিহ্য, _c২০০৯. |
||
| 300 |
_a১৩৫ পৃ. : _c২২ সেমি. |
||
| 650 | _aBengali Short story | ||
| 942 |
_2ddc _cBK |
||